000
00260nam a2200109Ia 4500
008
220204s9999 xx 000 0 und d
082
_a
613.7
_b
BAR;1
100
_a
Barlow, Wilfred
245
0
_a
Alexander principle
260
_a
London
_b
Arrow
_c
1973
942
_c
BK
999
_c
33981
_d
33981